00594nam a2200181 a 45000010005000000030005000050050017000100080041000270200018000680400020000861000027001062450134001332600028002673000019002954900029003146500033003436500036003765874CDMR20131211131237.0130220s2007||||||||||||||||||||||||||||d a9788474269550 aCDMRbcatcCDMR1 aMoreno Sardà, Amparo10a¿ De quién hablan las noticias ?b: guía para humanizar la informacióncAmparo Moreno, Florencia Rovetto, Alfonso Buitrago aBarcelonabIcariac2007 a180 p ;c15 cm0 aSociedad y opiniónv8604aPeriodismexAspectes socials04aPeriodismexManuals, guies, etc